Mountain bike brands by model names - Statistics

General Stats
  • This quiz has been taken 466 times
  • The average score is 10 of 15
Answer Stats
Hint Answer % Correct
Session Trek
91%
Stumpjumper Specialized
89%
Bronsan Santa cruz
84%
Spectral Canyon
82%
Reign Giant
81%
Tues YT
70%
Jekyll Cannondale
69%
Fury GT
67%
SB5 Yeti
65%
Stinky Kona
58%
Aurum Norco
50%
Rallon Orbea
48%
Wolf ridge Marin
39%
Tracer Intense
37%
Square one Polygon
36%
No matching quizzes found
Score Distribution
Percent of People with Each Score
Percentile by Number Answered
Your Score History
You have not taken this quiz